[Event "Norway Chess Open GM 2024"]
[Site "Stavanger NOR"]
[Date "2024.05.27"]
[Round "6.26"]
[White "Elsness, Fredrik Valstad"]
[Black "Klings, Peter"]
[Result "0-1"]
[WhiteElo "1861"]
[BlackElo "1992"]
[WhiteFideId "1567829"]
[BlackFideId "4631234"]
[EventDate "2024.05.24"]

1. e4 g6 2. d4 Bg7 3. Nc3 d6 4. Be3 a6 5. Nf3 b5 6. h4 h6 7. h5 g5 8. Be2 Bb7 9.
Qd3 Nf6 10. e5 Ng4 11. e6 Nxe3 12. exf7+ Kf8 13. fxe3 e6 14. O-O-O Nd7 15. Rdf1
c5 16. d5 Nf6 17. dxe6 b4 18. Na4 Be4 19. Qb3 Qa5 20. Rd1 Rd8 21. Ne5 dxe5 22.
Rxd8+ Qxd8 23. Nxc5 Bd5 24. Qxb4 Qd6 25. c4 Ke7 26. cxd5 Rc8 27. Qb7+ Rc7 28.
Qb3 Qxc5+ 29. Kb1 Nxd5 30. Qa4 Qc6 31. Qa3+ Kxe6 32. f8=N+ Bxf8 33. Bg4+ Kf7 34.
Qd3 e4 35. Qb3 Qc4 36. Qd1 Qd3+ 37. Qxd3 exd3 38. Bf3 Nxe3 39. Re1 d2 0-1

[Event "Norway Chess Open GM 2024"]
[Site "Stavanger NOR"]
[Date "2024.05.27"]
[Round "6.27"]
[White "Mihaila, Radu Stefan"]
[Black "Flatebo, Hallvard Haug"]
[Result "1-0"]
[WhiteElo "1835"]
[BlackElo "1951"]
[WhiteFideId "2852638"]
[BlackFideId "1530720"]
[EventDate "2024.05.24"]

1. e4 c5 2. Nf3 e6 3. d4 cxd4 4. Nxd4 a6 5. Nc3 Qc7 6. Be3 Nf6 7. Be2 Bb4 8. Qd3
Bxc3+ 9. bxc3 Nxe4 10. c4 Nc5 11. Qc3 O-O 12. Bf3 d6 13. h4 e5 14. Nb3 Be6 15.
Nxc5 dxc5 16. Rb1 Ra7 17. g4 Nd7 18. h5 f5 19. gxf5 Bxf5 20. Bd5+ Kh8 21. h6 g6
22. Bg5 Qd6 23. f4 Bg4 24. fxe5 Nxe5 25. Rb6 Qb8 26. Bf6+ Rxf6 27. Rxf6 b5 28.
Rf8+ 1-0

[Event "Norway Chess Open GM 2024"]
[Site "Stavanger NOR"]
[Date "2024.05.27"]
[Round "6.28"]
[White "Simonsen, David Mindestrommen"]
[Black "Cornileau, Raphael"]
[Result "1/2-1/2"]
[WhiteElo "1942"]
[BlackElo "1784"]
[WhiteFideId "1565672"]
[BlackFideId "45105790"]
[EventDate "2024.05.24"]

1. e4 e5 2. Nf3 Nc6 3. Bc4 Bc5 4. c3 Nf6 5. d4 exd4 6. e5 d5 7. Bb5 Ne4 8. cxd4
Bb6 9. Be3 O-O 10. Nc3 Bg4 11. h3 Bh5 12. Qc2 Nxc3 13. bxc3 f6 14. exf6 Qxf6 15.
Be2 Na5 16. Ne5 Bxe2 17. Qxe2 Qe6 18. O-O c6 19. f4 Bc7 20. Rae1 Nc4 21. g4 Bxe5
22. fxe5 Qg6 23. Bf4 Qe6 24. Kg2 Rf7 25. Rf2 Raf8 26. Ref1 b5 27. Kg3 Nb6 28. h4
a5 29. g5 a4 30. h5 Nc8 31. Qg4 Qxg4+ 32. Kxg4 Re8 33. g6 hxg6 34. hxg6 Rfe7 35.
Bc1 Re6 36. Kf5 c5 37. Ba3 b4 38. cxb4 cxd4 39. Re1 Nb6 40. Bb2 d3 41. Rh2 Nc4
42. Reh1 Rxe5+ 43. Bxe5 Rxe5+ 44. Kf4 1/2-1/2

[Event "Norway Chess Open GM 2024"]
[Site "Stavanger NOR"]
[Date "2024.05.27"]
[Round "6.29"]
[White "Mesar, Antun"]
[Black "Damiano, Sophie"]
[Result "1/2-1/2"]
[WhiteElo "1890"]
[BlackElo "1723"]
[WhiteFideId "14532620"]
[BlackFideId "1566334"]
[EventDate "2024.05.24"]

1. e4 c6 2. d4 d5 3. f3 dxe4 4. fxe4 e5 5. Nf3 Bg4 6. c3 Bxf3 7. Qxf3 Bd6 8. Bc4
Nf6 9. Bg5 Nbd7 10. Nd2 Qb6 11. Nb3 exd4 12. Bxf6 Nxf6 13. O-O-O c5 14. e5 Bxe5
15. Rhe1 Qc7 16. Qf5 Nd7 17. Bb5 f6 18. Rxe5+ fxe5 19. Nxc5 O-O-O 20. Nxd7 Rxd7
21. Bxd7+ Qxd7 22. Qxe5 d3 23. Qd4 Qe6 24. Qxd3 Qxa2 25. Qd7+ Kb8 26. Qd6+ Kc8
27. Qd7+ Kb8 1/2-1/2

[Event "Norway Chess Open GM 2024"]
[Site "Stavanger NOR"]
[Date "2024.05.27"]
[Round "6.30"]
[White "Meyer, Stefan"]
[Black "Lien, Sebastian"]
[Result "1/2-1/2"]
[WhiteElo "1866"]
[BlackElo "1861"]
[WhiteFideId "12948217"]
[BlackFideId "1567888"]
[EventDate "2024.05.24"]

1. d4 d5 2. c4 e6 3. Nc3 Nf6 4. Bg5 Be7 5. e3 h6 6. Bh4 O-O 7. Nf3 b6 8. Be2 Bb7
9. Bxf6 Bxf6 10. cxd5 Bxd5 11. Nxd5 Qxd5 12. O-O Nd7 13. Rc1 c5 14. dxc5 Qxd1
15. Rfxd1 Nxc5 1/2-1/2

[Event "Norway Chess Open GM 2024"]
[Site "Stavanger NOR"]
[Date "2024.05.27"]
[Round "6.31"]
[White "Rynkjob, Bastian"]
[Black "Haugen, Lars Tormod"]
[Result "0-1"]
[WhiteElo "1797"]
[BlackElo "1961"]
[WhiteFideId "1473557"]
[BlackFideId "1559966"]
[EventDate "2024.05.24"]

1. e4 c5 2. Nf3 g6 3. d4 cxd4 4. Nxd4 Bg7 5. c4 Nc6 6. Be3 Qb6 7. Nb3 Qd8 8. Qd2
Nf6 9. f3 O-O 10. Be2 d6 11. Nc3 a5 12. Na4 Be6 13. Nd4 Nxd4 14. Bxd4 Nd7 15. b3
f5 16. Bxg7 Kxg7 17. Qd4+ Kg8 18. Bd3 f4 19. Rd1 Qc7 20. h4 h5 21. Rg1 Ne5 22.
Kf2 Rf7 23. Rd2 Ra6 24. Rgd1 Bd7 25. Nc3 Qd8 26. Nb5 Ra8 27. a4 b6 28. Rg1 Rb8
29. Be2 Qf8 30. Qd5 Qg7 31. Qd4 Qf6 32. Rh1 Kh7 33. Nc7 Bc6 34. Nd5 Bxd5 35.
cxd5 Rff8 36. Rdd1 Rfc8 37. Qd2 Rc5 38. Rc1 Rbc8 39. Rxc5 Rxc5 40. Bb5 Rc3 41.
Qd1 Nd3+ 42. Ke2 Qd4 43. Rf1 Qe3# 0-1

[Event "Norway Chess Open GM 2024"]
[Site "Stavanger NOR"]
[Date "2024.05.27"]
[Round "6.32"]
[White "Louis, Luca Hojin"]
[Black "Mesar, Darko"]
[Result "0-1"]
[WhiteElo "1758"]
[BlackElo "1894"]
[WhiteFideId "343405541"]
[BlackFideId "14531038"]
[EventDate "2024.05.24"]

1. d4 Nf6 2. c4 g6 3. Nc3 Bg7 4. e4 d6 5. Be2 O-O 6. Nf3 Nbd7 7. Be3 e5 8. O-O
Qe7 9. Qc2 c6 10. Rad1 h6 11. h3 Nh5 12. dxe5 dxe5 13. Qd2 Kh7 14. Nh2 Qh4 15.
Ng4 Nf4 16. Bxf4 exf4 17. Qxf4 h5 18. g3 Qxh3 19. Rd3 Nc5 20. Nf6+ Bxf6 21. Qxf6
Nxd3 22. Bxd3 Qe6 23. Qf4 Kg7 24. e5 f6 25. exf6+ Rxf6 26. Qg5 Qg4 27. Qc5 Re6
28. Kg2 h4 29. Rh1 b6 30. Qa3 hxg3 31. f3 Qd4 32. Ne4 Rxe4 33. Bxe4 Qf2# 0-1

[Event "Norway Chess Open GM 2024"]
[Site "Stavanger NOR"]
[Date "2024.05.27"]
[Round "6.33"]
[White "Oz, Sinan"]
[Black "Hetland, Even"]
[Result "0-1"]
[WhiteElo "1794"]
[BlackElo "1903"]
[WhiteFideId "1471090"]
[BlackFideId "1555995"]
[EventDate "2024.05.24"]

1. d4 Nf6 2. Nc3 e6 3. e4 d5 4. e5 Nfd7 5. f4 c5 6. Nf3 Nc6 7. Be3 Be7 8. Be2
O-O 9. O-O a6 10. a4 b6 11. Nb1 cxd4 12. Nxd4 Bb7 13. Nd2 Nc5 14. c3 Qc7 15. Rc1
Rfd8 16. b4 Ne4 17. Nxe4 dxe4 18. Qe1 Nxd4 19. Bxd4 Qc6 20. b5 Qc7 21. Qf2 Bc5
22. Qe3 Bxd4 23. cxd4 Qd7 24. Rfd1 a5 25. d5 exd5 26. Qxb6 Rac8 27. Qd4 Rxc1 28.
Rxc1 Rc8 29. Rd1 Rc2 30. Qxe4 Qc7 31. Qe3 g6 32. Bf3 Qc4 33. Qd4 Qa2 34. Bxd5
Rxg2+ 35. Kh1 Rxh2+ 36. Kg1 Bxd5 0-1

[Event "Norway Chess Open GM 2024"]
[Site "Stavanger NOR"]
[Date "2024.05.28"]
[Round "7.1"]
[White "Blomqvist, Erik"]
[Black "Mitrabha, Guha"]
[Result "0-1"]
[WhiteTitle "GM"]
[BlackTitle "GM"]
[WhiteElo "2527"]
[BlackElo "2540"]
[WhiteFideId "1709437"]
[BlackFideId "5057000"]
[EventDate "2024.05.24"]

1. e4 c6 2. d4 d5 3. e5 Bf5 4. h4 h5 5. Bd3 Bxd3 6. Qxd3 Qa5+ 7. c3 e6 8. a4 Qa6
9. Qd1 c5 10. Na3 cxd4 11. Nb5 Qb6 12. Nxd4 Nc6 13. Ngf3 Nge7 14. O-O Nxd4 15.
Nxd4 Nc6 16. Nf3 a6 17. Re1 Be7 18. Qd3 Qc7 19. Bg5 g6 20. Qe3 Bxg5 21. Qxg5 Qd8
22. Qf4 Ne7 23. Rad1 Qc7 24. c4 Rd8 25. b3 dxc4 26. bxc4 Nf5 27. Ng5 Rxd1 28.
Rxd1 O-O 29. c5 Qxc5 30. Ne4 Qc2 31. Rd7 b5 32. axb5 axb5 33. Nf6+ Kg7 34. Qb4
Rc8 35. Qxb5 Qc1+ 36. Qf1 Qf4 37. g3 Qxe5 0-1

[Event "Norway Chess Open GM 2024"]
[Site "Stavanger NOR"]
[Date "2024.05.28"]
[Round "7.2"]
[White "Bazakutsa, Svyatoslav"]
[Black "Papp, Gabor1"]
[Result "1-0"]
[WhiteTitle "IM"]
[BlackTitle "GM"]
[WhiteElo "2472"]
[BlackElo "2553"]
[WhiteFideId "14198525"]
[BlackFideId "718602"]
[EventDate "2024.05.24"]

1. d4 Nf6 2. c4 e6 3. Nc3 d5 4. cxd5 exd5 5. Bf4 Bd6 6. Bxd6 Qxd6 7. e3 O-O 8.
Bd3 a6 9. Nge2 Nbd7 10. Qd2 b6 11. f3 c5 12. O-O Re8 13. Rae1 Bb7 14. g4 Nf8 15.
Ng3 cxd4 16. exd4 Rxe1 17. Rxe1 Re8 18. Nf5 Qd7 19. Ne2 Ne6 20. Neg3 Qc7 21. Qe3
Qf4 22. Bf1 g6 23. Qe5 Qxe5 24. dxe5 Ng5 25. Nd4 Nd7 26. f4 Ne6 27. Nge2 Nxd4
28. Nxd4 g5 29. Nf5 gxf4 30. Nd6 Rb8 31. e6 fxe6 32. Rxe6 Nc5 33. Rf6 Ne4 34.
Nxe4 dxe4 35. Rxb6 e3 36. Be2 f3 37. Bxf3 Rf8 38. Rxb7 Rxf3 39. Re7 a5 40. b3
Rf2 41. a4 Re2 42. h4 Re1+ 43. Kg2 e2 44. Kf2 Rb1 45. Rxe2 Rxb3 46. Re5 Rb4 47.
Rxa5 h6 48. Kg3 Kg7 49. h5 Rc4 50. Ra7+ Kf6 51. Ra6+ Kg7 52. Rg6+ Kh7 53. a5 1-0

[Event "Norway Chess Open GM 2024"]
[Site "Stavanger NOR"]
[Date "2024.05.28"]
[Round "7.3"]
[White "Amar, Elham"]
[Black "Druska, Juraj"]
[Result "1-0"]
[WhiteTitle "GM"]
[BlackTitle "IM"]
[WhiteElo "2552"]
[BlackElo "2466"]
[WhiteFideId "1533533"]
[BlackFideId "14915650"]
[EventDate "2024.05.24"]

1. e4 c5 2. Nf3 Nc6 3. d4 cxd4 4. Nxd4 g6 5. Nc3 Bg7 6. Be3 Nf6 7. Bc4 O-O 8.
Bb3 a6 9. h3 d6 10. O-O Na5 11. f4 b5 12. e5 Nh5 13. Bd5 Nc4 14. Qe1 Bd7 15.
Bxc4 bxc4 16. Nf3 f5 17. Rd1 Re8 18. Qh4 dxe5 19. fxe5 f4 20. e6 fxe3 21. exd7
Rf8 22. Qxc4+ Kh8 23. Ng5 Nf6 24. Ne2 Nxd7 25. Rxf8+ Qxf8 26. Nf7+ Kg8 27. Ne5+
Kh8 28. Nxd7 Qf2+ 29. Kh1 Rd8 30. Ng1 Be5 31. Nf6 Qd2 32. Rxd2 exd2 33. Ng4 d1=Q
34. Nxe5 Rf8 35. Nf3 Qb1 36. Qd4+ Kg8 37. Qd5+ Kg7 38. Qe5+ Rf6 39. Qxe7+ Rf7
40. Qe5+ Kg8 41. Ng5 Rf1 42. Qb8+ Kg7 43. Qa7+ Kh6 44. h4 Kh5 45. Qxh7+ Kg4 46.
Qd7+ Kxh4 47. Nf3+ Kg3 48. Qd6+ Kf2 49. Qd4+ 1-0

[Event "Norway Chess Open GM 2024"]
[Site "Stavanger NOR"]
[Date "2024.05.28"]
[Round "7.4"]
[White "Kvaloy, Aksel Bu"]
[Black "Balakrishnan, Praveen"]
[Result "1/2-1/2"]
[WhiteTitle "IM"]
[BlackTitle "GM"]
[WhiteElo "2454"]
[BlackElo "2510"]
[WhiteFideId "1528815"]
[BlackFideId "2064871"]
[EventDate "2024.05.24"]

1. e4 c5 2. Nf3 e6 3. d4 cxd4 4. Nxd4 Nf6 5. Nc3 Nc6 6. Ndb5 d6 7. Bf4 e5 8. Bg5
a6 9. Na3 b5 10. Nd5 Be7 11. Bxf6 Bxf6 12. c3 O-O 13. Nc2 Rb8 14. Be2 Bg5 15.
O-O Be6 16. a4 bxa4 17. Ndb4 Nxb4 18. Nxb4 Bb3 19. Qb1 Qd7 20. Bxa6 Qa7 21. Bd3
Rfc8 22. Qe1 Bd8 23. Qe2 Qa5 24. Rfc1 Bg5 25. Rcb1 g6 26. Bc2 Bxc2 27. Nxc2 d5
28. exd5 Qxd5 29. Nb4 Qb5 30. Qxb5 Rxb5 31. Rxa4 Be7 32. Na2 Rb3 33. Nc1 Rb7 34.
Ne2 Rb3 35. Nc1 Rb7 36. Raa1 e4 37. Ne2 Rb3 38. Nd4 Rb7 39. Kf1 Bf6 40. Ne2 Rb3
41. Ng3 Rcb8 42. Nxe4 Kg7 43. Ra7 Rxb2 44. Rxb2 Rxb2 45. g3 Rc2 46. Kg2 Rc1 47.
c4 Bd4 48. Rc7 Bb6 49. Rb7 Rxc4 50. Nd6 Rc6 51. Rxf7+ Kg8 52. Rd7 Bd4 53. Ne4
Bf6 54. g4 h6 55. h3 Kf8 56. Kg3 Be7 57. Rd5 Rc1 58. Kg2 Ra1 59. Rb5 Ra3 60. Nd2
Ra2 61. Nf3 Bf6 62. h4 Ra4 63. Kg3 Be7 64. Rd5 Kf7 65. h5 gxh5 66. Rf5+ Kg7 67.
Rxh5 Bd6+ 68. Kh3 Ra3 69. Rf5 Ra4 70. Rd5 Ra3 71. Kg2 Bf4 72. Nd4 Kg6 73. Rb5
Ra6 74. Nf5 Bg5 75. Rb8 Bf4 76. Rf8 Bg5 77. Rg8+ Kf6 78. Rf8+ Kg6 79. Rc8 Rb6
80. Ra8 Kf6 81. Ng3 Kg6 82. Ra7 Rb4 83. Ra6+ Kh7 84. Kh3 Rb3 85. Ra4 Rf3 86. Kg2
Rb3 87. Ra7+ Kg8 88. Nh5 Rb2 89. Kg3 Rb3+ 90. f3 Rc3 91. Rb7 Ra3 92. Rb5 Kh7 93.
Rf5 Kg6 94. Kh3 Rb3 95. Ng3 Rb4 96. Ne4 Rb3 97. Kg3 Ra3 98. Rb5 Ra4 99. Rb6+ Kg7
100. Nc5 Ra3 101. Ne6+ Kf7 102. Nd4 Kg7 103. Nf5+ Kh7 104. Rb7+ Kg6 105. Ng7 Kh7
106. Ne8+ Kg8 107. Nd6 Kf8 108. Ne4 Be7 109. Kf4 Ra5 110. Rb6 Kg7 111. Ng3 Bg5+
112. Ke4 Ra4+ 113. Kd5 Kf7 114. Rb7+ Kg8 115. Ne4 Ra3 116. Nxg5 Ra5+ 117. Ke4
Rxg5 118. Re7 Ra5 119. Re5 Ra6 120. Rb5 Kf7 121. Kf4 Kg6 122. Kg3 Ra3 123. Rb8
Rc3 124. Rf8 h5 125. Rg8+ Kf7 126. Ra8 hxg4 127. Kxg4 Rc5 128. f4 Rb5 129. Rh8
Kg7 130. Rh5 Rxh5 131. Kxh5 Kf6 132. f5 Kxf5 1/2-1/2

[Event "Norway Chess Open GM 2024"]
[Site "Stavanger NOR"]
[Date "2024.05.28"]
[Round "7.5"]
[White "Johansson, Linus"]
[Black "Seo, Jung Min"]
[Result "1/2-1/2"]
[WhiteTitle "IM"]
[BlackTitle "IM"]
[WhiteElo "2448"]
[BlackElo "2451"]
[WhiteFideId "1711113"]
[BlackFideId "1734687"]
[EventDate "2024.05.24"]

1. d4 Nf6 2. c4 e6 3. Nc3 Bb4 4. e3 O-O 5. Bd3 c5 6. Ne2 d5 7. cxd5 cxd4 8. exd4
Nxd5 9. a3 Be7 10. Nxd5 exd5 11. O-O Nc6 12. Bf4 Be6 13. Rc1 Bf6 14. Bb5 Qb6 15.
Bxc6 bxc6 16. Qd2 a5 17. Rc3 Be7 18. Re1 Rfe8 19. Nc1 c5 20. Nb3 1/2-1/2

[Event "Norway Chess Open GM 2024"]
[Site "Stavanger NOR"]
[Date "2024.05.28"]
[Round "7.6"]
[White "Stanojevic, Ilija"]
[Black "Miezis, Normunds"]
[Result "1/2-1/2"]
[WhiteTitle "CM"]
[BlackTitle "GM"]
[WhiteElo "2317"]
[BlackElo "2424"]
[WhiteFideId "959995"]
[BlackFideId "11600136"]
[EventDate "2024.05.24"]

1. d4 Nf6 2. c4 e6 3. Nf3 Bb4+ 4. Nbd2 O-O 5. a3 Be7 6. e4 d6 7. Be2 Nbd7 8. Qc2
e5 9. Nb1 exd4 10. Nxd4 Re8 11. Nc3 a5 12. f3 Nc5 13. Be3 a4 14. O-O-O Bf8 15.
g4 Bxg4 16. fxg4 Nfxe4 17. Nf5 Ra5 18. Nxe4 Nxe4 19. Bd3 Nc5 20. Kb1 Nb3 21. c5
Nxc5 22. Bd2 Ra8 23. Bc3 Nxd3 24. Qxd3 Qg5 25. h4 Qf4 26. Rhg1 g6 27. Bd2 Qe4
28. Nh6+ Bxh6 29. Bxh6 Ra5 30. Qxe4 Rxe4 31. Rc1 c6 32. Rcd1 Re6 33. Rge1 Rd5
34. Kc2 Rxd1 35. Rxd1 f6 36. Rf1 Kf7 37. Bg5 Ke7 38. Bd2 Re4 39. g5 f5 40. h5
Ke6 41. hxg6 hxg6 42. Rh1 f4 43. Kd3 d5 44. Rh7 Kf5 45. Rxb7 Kxg5 46. Rb6 c5 47.
Rd6 Rd4+ 48. Ke2 c4 49. Bc3 Rd3 50. Kf2 Kh5 51. Ke2 g5 52. Rd8 Kg4 53. Kf2 Rf3+
54. Kg2 Rg3+ 55. Kf2 Rd3 56. Rd6 Kh5 57. Rd8 Kh4 58. Rh8+ Kg4 59. Rd8 f3 60. Rd6
Rd1 61. Rd8 Kf4 62. Rf8+ Ke4 63. Re8+ Kd3 64. Kxf3 Rf1+ 65. Kg2 Rf4 66. Re1 d4
67. Rd1+ Ke3 68. Re1+ Kd3 69. Rd1+ Ke3 70. Re1+ 1/2-1/2

[Event "Norway Chess Open GM 2024"]
[Site "Stavanger NOR"]
[Date "2024.05.28"]
[Round "7.7"]
[White "Shehzad, Shazil"]
[Black "Zylka, Stanislaw"]
[Result "0-1"]
[WhiteTitle "FM"]
[BlackTitle "IM"]
[WhiteElo "2314"]
[BlackElo "2396"]
[WhiteFideId "1521942"]
[BlackFideId "1189654"]
[EventDate "2024.05.24"]

1. e4 e6 2. d4 d5 3. Nd2 Be7 4. Ngf3 Nf6 5. Bd3 c5 6. dxc5 dxe4 7. Nxe4 Nxe4 8.
Bxe4 Qxd1+ 9. Kxd1 Bxc5 10. Ke2 Nd7 11. Be3 Bxe3 12. Kxe3 Nc5 13. c4 Nxe4 14.
Kxe4 f6 15. b4 e5 16. c5 Bd7 17. a4 O-O-O 18. b5 Be6 19. Rhd1 Bb3 20. Rxd8+ Rxd8
21. a5 Bc4 22. b6 a6 23. Rc1 Bd3+ 24. Ke3 Bb5 25. Rc3 Rd1 26. Nd2 Re1+ 27. Kf3
Kd7 28. Nc4 g6 29. Nd6 Bc6+ 30. Kg3 Rd1 31. Rc2 Rd3+ 32. Kg4 Bxg2 33. c6+ Kxd6
34. c7 h5+ 0-1

[Event "Norway Chess Open GM 2024"]
[Site "Stavanger NOR"]
[Date "2024.05.28"]
[Round "7.8"]
[White "Elsness, Frode"]
[Black "Savitha, Shri B"]
[Result "1/2-1/2"]
[WhiteTitle "IM"]
[BlackTitle "WGM"]
[WhiteElo "2425"]
[BlackElo "2363"]
[WhiteFideId "1501100"]
[BlackFideId "35061887"]
[EventDate "2024.05.24"]

1. d4 Nf6 2. c4 e6 3. Nf3 d5 4. Nc3 Nbd7 5. Bg5 Bb4 6. cxd5 exd5 7. e3 c5 8. Be2
Qa5 9. O-O Bxc3 10. bxc3 O-O 11. Qc2 Ne4 12. c4 cxd4 13. cxd5 Re8 14. exd4 Nb6
15. Bd3 Qxd5 16. Be3 Bf5 17. Ne5 Rac8 18. Qb3 Nd6 19. Be2 Be4 20. Qxd5 Nxd5 21.
Rfc1 Nc3 22. Bf1 Bd5 23. a3 Nf5 24. Bd2 Ne4 25. Be3 Ned6 26. Rxc8 Rxc8 27. Bf4
Ne4 28. Ng4 Nxd4 29. Rd1 Ne6 30. Be3 Nc3 31. Rc1 Rc7 32. Bd2 Ne4 33. Rxc7 Nxc7
34. Bf4 Ne6 35. Bb8 a6 36. Ne3 Bc6 37. Bc4 b5 38. Bxe6 fxe6 39. f3 Nc5 40. Ng4
Nd7 41. Bd6 Kf7 42. Ne5+ Nxe5 43. Bxe5 g5 44. Kf2 Kg6 45. Bc3 h5 46. h3 h4 47.
Ke3 Kf5 48. Ba5 Bd5 49. Bd8 e5 50. Ba5 e4 51. fxe4+ Bxe4 52. Kf2 Bc6 53. Bd8 Kg6
54. Ba5 Bd7 55. Bd8 Kh5 56. Ba5 g4 57. hxg4+ Kxg4 58. Bd8 Bc6 59. Ba5 Bd5 1/2-1/2

[Event "Norway Chess Open GM 2024"]
[Site "Stavanger NOR"]
[Date "2024.05.28"]
[Round "7.9"]
[White "Urkedal, Frode Olav Olsen"]
[Black "Grotnes, Nils Ragnar"]
[Result "1-0"]
[WhiteTitle "GM"]
[BlackTitle "FM"]
[WhiteElo "2560"]
[BlackElo "2149"]
[WhiteFideId "1506102"]
[BlackFideId "1500317"]
[EventDate "2024.05.24"]

1. d4 d5 2. c4 e6 3. Nc3 Be7 4. cxd5 exd5 5. Bf4 c6 6. e3 Bf5 7. g4 Be6 8. Bd3
h5 9. gxh5 Nd7 10. Nge2 Ndf6 11. Ng3 Qd7 12. Rg1 Kf8 13. a3 Re8 14. Qe2 Bg4 15.
f3 Bh3 16. Be5 Nh6 17. O-O-O Rg8 18. Kb1 Qe6 19. Qf2 Nd7 20. Bf4 Bd6 21. Nce2
Nf6 22. e4 dxe4 23. Bxd6+ Qxd6 24. fxe4 Nfg4 25. Qf4 Qxf4 26. Nxf4 Nf2 27. Rd2
Nxd3 28. Nxh3 1-0

[Event "Norway Chess Open GM 2024"]
[Site "Stavanger NOR"]
[Date "2024.05.28"]
[Round "7.10"]
[White "Eliseev, Sergey"]
[Black "Lovik, Lasse Ostebo"]
[Result "0-1"]
[BlackTitle "IM"]
[WhiteElo "2292"]
[BlackElo "2367"]
[WhiteFideId "1534734"]
[BlackFideId "1505033"]
[EventDate "2024.05.24"]

1. e4 e5 2. Nf3 Nc6 3. Bb5 a6 4. Ba4 Nge7 5. Nc3 g6 6. d4 exd4 7. Nxd4 Bg7 8.
Be3 O-O 9. Qd2 Ne5 10. Bb3 b5 11. Nde2 d6 12. Bg5 Qd7 13. f4 Nc4 14. Bxc4 bxc4
15. O-O Rb8 16. Rab1 f5 17. e5 h6 18. Bh4 Bb7 19. Rfe1 g5 20. Bg3 Ng6 21. Rbd1
Bxe5 22. fxe5 f4 23. e6 Qg7 24. Bf2 f3 25. Nd4 fxg2 26. Bg3 Rbe8 27. e7 Rxe7 28.
Rxe7 Qxe7 29. Qe2 Qxe2 30. Ndxe2 h5 31. h3 Rf3 32. Re1 h4 33. Bh2 Rxh3 34. Nd1
Ne5 35. Nd4 Ng4 36. Re8+ Kf7 37. Rb8 Bd5 38. Nc3 Rxh2 0-1

[Event "Norway Chess Open GM 2024"]
[Site "Stavanger NOR"]
[Date "2024.05.28"]
[Round "7.11"]
[White "Skytte, Rasmus"]
[Black "Azikri, Gur"]
[Result "1-0"]
[WhiteTitle "IM"]
[WhiteElo "2358"]
[BlackElo "1948"]
[WhiteFideId "1404210"]
[BlackFideId "2812738"]
[EventDate "2024.05.24"]

1. e4 c6 2. d4 d5 3. Nc3 dxe4 4. Nxe4 Nf6 5. Nxf6+ exf6 6. c3 Bd6 7. Bd3 O-O 8.
Qc2 Re8+ 9. Ne2 h5 10. O-O h4 11. h3 Nd7 12. Bf4 Nf8 13. Bxd6 Qxd6 14. Rfe1 Be6
15. Rad1 b5 16. b3 g6 17. c4 bxc4 18. bxc4 f5 19. Qc1 Rab8 20. a4 a5 21. d5 cxd5
22. c5 Qc7 23. Bb5 Rec8 24. c6 Nh7 25. Nd4 Re8 26. Qh6 Nf8 27. Qxh4 Kg7 28. Ne2
f6 29. Qd4 Bf7 30. Nc3 Re5 31. Qd2 Rd8 32. Ne2 Ne6 33. Nc1 Nc5 34. Qd4 Ne6 35.
Qd2 Nc5 36. Qc2 d4 37. Rxe5 Qxe5 38. Nd3 Nxd3 39. Qxd3 Qc5 40. Qd2 Qb6 41. Re1
Qc7 42. Qd3 Qd6 43. Rc1 Qc7 44. Rd1 Be6 45. Qc2 f4 46. Re1 Bf5 47. Qc5 Rd6 48.
Qc1 g5 49. h4 Kg6 50. hxg5 Kxg5 51. Qd2 Rd8 52. g3 Kg6 53. Bd3 Qxc6 54. Bxf5+
Kxf5 55. Qxf4+ Kg6 56. Re7 Qd5 57. Qg4+ Qg5 58. Qe4+ f5 59. Qc6+ 1-0

[Event "Norway Chess Open GM 2024"]
[Site "Stavanger NOR"]
[Date "2024.05.28"]
[Round "7.12"]
[White "Dammann, Jorn"]
[Black "Tomaszewski, Kacper"]
[Result "0-1"]
[BlackTitle "FM"]
[WhiteElo "1953"]
[BlackElo "2300"]
[WhiteFideId "30937124"]
[BlackFideId "1127373"]
[EventDate "2024.05.24"]

1. e4 c5 2. Nf3 Nc6 3. d4 cxd4 4. Nxd4 Nf6 5. Nc3 g6 6. Be3 Bg7 7. Nxc6 dxc6 8.
Qxd8+ Kxd8 9. O-O-O+ Ke8 10. h3 h5 11. e5 Ng8 12. Bc4 Bf5 13. Rhe1 Bxe5 14. Bc5
Bxc3 15. bxc3 b6 16. Bd4 Rh7 17. Be5 Rd8 18. Rxd8+ Kxd8 19. Rd1+ Bd7 20. Ba6 Nf6
21. Bb7 Ke8 22. Bb8 Ne4 23. Bxa7 Nxc3 24. Rd2 b5 25. Kb2 Ne4 26. Rd1 Nd6 27. Ba6
Be6 28. Bc5 Kd7 29. a4 bxa4 30. Ka3 Rh8 31. Rd4 Ra8 32. Bd3 Bd5 33. g3 e5 34.
Rxa4 Rxa4+ 35. Kxa4 Ke6 36. h4 Be4 37. Bxe4 Nxe4 38. Be3 Kd5 39. Kb3 Nd6 40. Kb4
Nc4 41. Ba7 f5 42. Bb8 Nd2 43. Bc7 c5+ 44. Kb5 c4 45. Kb4 Nf3 46. Bb8 f4 47. Bc7
fxg3 48. fxg3 Nd4 49. c3 Ne2 0-1

[Event "Norway Chess Open GM 2024"]
[Site "Stavanger NOR"]
[Date "2024.05.28"]
[Round "7.13"]
[White "Uritsky, Yonathan"]
[Black "Papp, Sarah"]
[Result "0-1"]
[WhiteTitle "CM"]
[BlackTitle "IM"]
[WhiteElo "2185"]
[BlackElo "2296"]
[WhiteFideId "2825651"]
[BlackFideId "24606812"]
[EventDate "2024.05.24"]

1. e4 c5 2. Nf3 e6 3. d4 cxd4 4. Nxd4 Nc6 5. Nc3 Qc7 6. g3 a6 7. Bg2 Nf6 8. O-O
Nxd4 9. Qxd4 Bc5 10. Bf4 d6 11. Qd2 h6 12. Rad1 e5 13. Be3 Bxe3 14. fxe3 Be6 15.
Qxd6 Rc8 16. Rf2 Qxd6 17. Rxd6 Nd7 18. Nd5 h5 19. h4 Rg8 20. Bf3 g6 21. Rd2 Bxd5
22. R6xd5 Rc7 23. Bg2 g5 24. Kf1 g4 25. Rd6 Ke7 26. c4 Rg6 27. Rxg6 fxg6 28. b3
b5 29. cxb5 axb5 30. Kf2 Nf6 31. a4 bxa4 32. bxa4 Ra7 33. Ra2 Ra5 34. Ke1 Nd7
35. Bf1 Nc5 36. Bb5 Nxe4 37. Bd3 Nxg3 38. e4 g5 39. hxg5 Kf7 40. Bb5 Kg6 41. Kf2
h4 42. Kg2 Kxg5 43. Bc6 Nh5 44. Rd2 Nf4+ 45. Kf2 g3+ 46. Kf3 Rc5 0-1